000 00558nam a2200217Ia 4500
003 OSt
005 20220918192542.0
006 a|||||r|||| 00| 0
007 ta
008 220917b |||||||| |||| 00| 0 eng d
024 _a68,953
037 _cTextual
040 _aARTS
_cARTS
_beng
041 _2eng
_aeng
082 _aR3:A, J31
100 _aVan Laer P Henry
_979407
245 0 _aPhilosophico-scientific problems tr by Henry J Koren
260 _c1953
942 _hR3:A, J31
_cTEXL
_2CC
999 _c195116
_d195116